Annual economic report 2012 (Record no. 84244)
[ view plain ]
| 000 -LEADER | |
|---|---|
| fixed length control field | 00886nam a2200157 a 4500 |
| 008 - FIXED-LENGTH DATA ELEMENTS--GENERAL INFORMATION | |
| fixed length control field | 140916s2012 ||||||||||||||||| || u |
| 050 ## - LIBRARY OF CONGRESS CALL NUMBER | |
| Classification number | GOV.ZAM(058)ER/2012A |
| 110 ## - MAIN ENTRY--CORPORATE NAME | |
| Corporate name or jurisdiction name as entry element | Government of the Republic of Zambia (GRZ) |
| 245 10 - TITLE STATEMENT | |
| Title | Annual economic report 2012 |
| Statement of responsibility, etc. | by Government of the Republic of Zambia (GRZ) |
| 260 ## - PUBLICATION, DISTRIBUTION, ETC. | |
| Place of publication, distribution, etc. | Lusaka: |
| Name of publisher, distributor, etc. | Government of the Republic of Zambia (GRZ) |
| Date of publication, distribution, etc. | 2012 |
| 300 ## - PHYSICAL DESCRIPTION | |
| Extent | viii, 34p.: ill. |
| 650 #0 - SUBJECT ADDED ENTRY--TOPICAL TERM | |
| Topical term or geographic name entry element | ECONOMIC DEVELOPMENT--ZAMBIA |
| 995 ## - | |
| -- | SPECIAL COLLECTIONS |
| -- | 1608 |
| -- | CBU-MAIN LIBRARY (Kitwe) |
| -- | GOV.ZAM(058)AER/2012B |
| -- | 2 |
| -- | AVAILABLE |
| -- | Sep 16, 2014 |
| -- | B1608 |
| -- | Zambiana Collection |
| 995 ## - | |
| -- | SPECIAL COLLECTIONS |
| -- | 1607 |
| -- | CBU-MAIN LIBRARY (Kitwe) |
| -- | GOV.ZAM(058)ER/2012A |
| -- | 1 |
| -- | AVAILABLE |
| -- | Sep 16, 2014 |
| -- | B1607 |
| -- | Zambiana Collection |
| 995 ## - | |
| -- | SPECIAL COLLECTIONS |
| -- | 1609 |
| -- | CBU-MAIN LIBRARY (Kitwe) |
| -- | GOV.ZAM(058)ER/2012C |
| -- | 3 |
| -- | AVAILABLE |
| -- | Sep 16, 2014 |
| -- | B1609 |
| -- | Zambiana Collection |
| 999 ## - | |
| -- | 84244 |
| -- | 84244 |
| Withdrawn status | Lost status | Source of classification or shelving scheme | Damaged status | Not for loan | Permanent Location | Current Location | Shelving location | Date acquired | Total Checkouts | Full call number | Barcode | Date last seen | Copy number | Price effective from | Koha item type |
|---|---|---|---|---|---|---|---|---|---|---|---|---|---|---|---|
| CBU-MAIN LIBRARY, KITWE. | CBU-MAIN LIBRARY, KITWE. | 01/25/2024 | GOV.ZAM(058)ER/2012B | B1608 | 01/25/2024 | 1 | 01/25/2024 | SPECIAL COLLECTION | |||||||
| CBU-MAIN LIBRARY, KITWE. | CBU-MAIN LIBRARY, KITWE. | 01/25/2024 | GOV.ZAM(058)ER/2012A | B1607 | 01/25/2024 | 2 | 01/25/2024 | SPECIAL COLLECTION | |||||||
| CBU-MAIN LIBRARY, KITWE. | CBU-MAIN LIBRARY, KITWE. | 01/25/2024 | GOV.ZAM(058)ER/2012C | B1609 | 01/25/2024 | 3 | 01/25/2024 | SPECIAL COLLECTION |